000 00614cam a2200145 4500500
005 20260208005804.0
041 _afre
042 _adc
100 1 0 _aBerchet, Jean-Claude
_eauthor
245 0 0 _aNICOLAS COURTINAT, Philosophie, histoire et imaginaire dans le Voyage en Orient de Lamartine. Paris, Honoré Champion, 2003. Un vol. de 545 p.
260 _c2004.
500 _a3
786 0 _nRevue d'histoire littéraire de la France | 104 | 3 | 2004-06-01 | p. 687v-738v | 0035-2411
856 4 1 _uhttps://shs.cairn.info/revue-d-histoire-litteraire-de-la-france-2004-3-page-687v?lang=fr&redirect-ssocas=7080
999 _c1653762
_d1653762